Julio Prieto Nespereira (Record no. 61912)

MARC details
000 -LEADER
campo de control de longitud fija 00697nam a2200193 i 4500
001 - NÚMERO DE CONTROL
campo de control 61912
003 - IDENTIFICADOR DE NÚMERO DE CONTROL
campo de control ES-MaACL
005 - FECHA Y HORA DE LA ÚLTIMA TRANSACCIÓN
campo de control 20231222172241.0
007 - CAMPO FIJO DE DESCRIPCIÓN FÍSICA--INFORMACIÓN GENERAL
campo de control de longitud fija t|
008 - DATOS DE LONGITUD FIJA--INFORMACIÓN GENERAL
campo de control de longitud fija 031114s1966 sp ||||1| spa d
100 1# - ENTRADA PRINCIPAL--NOMBRE DE PERSONA
Nombre de persona Falardo, Ramón D.
9 (RLIN) 48684
245 10 - MENCIÓN DEL TÍTULO
Título Julio Prieto Nespereira
Resto del título : exposición antológica /
Mención de responsabilidad, etc. [Ramón D. Falardo ; Prieto Nespereira, organizador y pintor ; por Carlos Arean].
260 ## - PUBLICACIÓN, DISTRIBUCIÓN, ETC.
Lugar de publicación, distribución, etc. [Madrid :
Nombre del editor, distribuidor, etc. Dirección General de Bellas Artes,
Fecha de publicación, distribución, etc. 1966]
300 ## - DESCRIPCIÓN FÍSICA
Extensión 14 h., 11 lám. :
Otras características físicas il. ;
Dimensiones 20 cm.
700 1# - ENTRADA AGREGADA--NOMBRE PERSONAL
Nombre de persona Prieto Nespereira, Julio.
9 (RLIN) 143891
700 1# - ENTRADA AGREGADA--NOMBRE PERSONAL
Nombre de persona Areán, Carlos,
Fechas asociadas al nombre 1921-1996
9 (RLIN) 22562
852 ## - LOCALIZACIÓN
Ubicación ES-MaACL
Número de control de estantería 2046-F-19
Sublocalización o colección R.59873
Holdings
Estatus retirado Estado de pérdida Estado de daño No para préstamo Colección Biblioteca de origen Biblioteca actual Ubicación en estantería Fecha de adquisición Fuente de adquisición Total de préstamos Signatura topográfica completa Código de barras Visto por última vez Precio de reemplazo Tipo de ítem Koha
        Colección de folletos Biblioteca del Ateneo de Madrid Biblioteca del Ateneo de Madrid Depósito folletos 17/01/2008     2046-F-19 1064912 23/02/2023 23/02/2023 Folleto